000 01311nam0a22002771 4500
001 rc\3582896
005 20250610044315.0
021 _aRU
_bП774-70
035 _a(NLR Aleph) 007698205
090 _a6716320
_c6716320
100 _a20130115d1969 |||y0rusy50 ca
101 0 _arus
102 _aRU
105 _aa z |||||
200 1 _aЛентообвязочные машины и приспособления для упаковки различных грузов
210 _aМосква
_cБ. и.
_d1969
215 _a10 с.
_cил.
_d26
225 1 _aМинистерство черной металлургии СССР. Центральный научно-исследовательский институт информации и технико-экономических исследований черной металлургии. Информация
_hСерия 17
_iМеханическое оборудование металлургических предприятий
_v№ 7
300 _aНа обл. авт. не указан
309 _aОтпеч. множит. аппаратом
700 1 _aПлахтин
_bВ.Д.
_gВладимир Дмитриевич
801 0 _aRU
_bNLR
_gpsbo
801 1 _aRU
_bELAR
_2rusmarc
852 _aNLR
_jП11/2777
942 _cBOOK
980 _aNB